<?xml version="1.0" encoding="UTF-8"?>
<marc:record xmlns:marc="http://www.loc.gov/MARC21/slim">
   <marc:leader>00000nam a2200000 a 4500</marc:leader>
   <marc:datafield ind1="1" ind2=" " tag="100">
      <marc:subfield code="a">Asgodom, Sabine</marc:subfield>
      <marc:subfield code="4">aut</marc:subfield>
      <marc:subfield code="e">Verfasser/-in</marc:subfield>
   </marc:datafield>
   <marc:datafield ind1="0" ind2="0" tag="245">
      <marc:subfield code="a">12 Schlüssel zur Gelassenheit</marc:subfield>
   </marc:datafield>
   <marc:datafield ind1="0" ind2="0" tag="245">
      <marc:subfield code="b">So stoppen Sie den Stress</marc:subfield>
   </marc:datafield>
   <marc:datafield ind1="0" ind2="0" tag="245">
      <marc:subfield code="c">Sabine Asgodom</marc:subfield>
   </marc:datafield>
   <marc:datafield ind1=" " ind2="1" tag="264">
      <marc:subfield code="a">München</marc:subfield>
      <marc:subfield code="b">Kösel-Verl.</marc:subfield>
      <marc:subfield code="c">2007</marc:subfield>
   </marc:datafield>
   <marc:datafield ind1=" " ind2=" " tag="250">
      <marc:subfield code="a">4. Auflage</marc:subfield>
   </marc:datafield>
   <marc:datafield ind1="1" ind2=" " tag="520">
      <marc:subfield code="a">Die auf Selbst-PR programmierte Bestsellerautorin (zuletzt "Genug gejammert!", ID 17/04) breitet hier ihr Ratgeber-Füllhorn aus zum Thema Gelassenheit im Alltag. Ein Dutzend "Schlüssel" sollen zu Ausgeglichenheit und Sorglosigkeit verhelfen: 12 aufgedonnerte Reizvokabeln von "Achtsamkeit" über "Hingabe" bis zum "Vertrauen" werden auf ihr stressreduzierendes Potenzial hin ausgequetscht, jede Weisheit wird mit aktivierenden Übungen, Meditationen, "Bilanzen" und "Wünschen" angerührt. Das Ganze ist zudem konsumierbar gemacht durch Geschichten aus dem Leben: oft aus dem der Autorin selbst. - Wegen des Bekanntheitsgrades von Frau A. empfohlen, wenn sie auch sonst mehr oder weniger nur das recycelt, was andere Lebensstil-Propheten - wenn auch mit gewissen Variationen - schon immer verkündeten.</marc:subfield>
   </marc:datafield>
   <marc:datafield ind1=" " ind2=" " tag="020">
      <marc:subfield code="a">3466306574</marc:subfield>
      <marc:subfield code="9">3466306574</marc:subfield>
   </marc:datafield>
   <marc:datafield ind1=" " ind2=" " tag="300">
      <marc:subfield code="a">198 S.</marc:subfield>
   </marc:datafield>
</marc:record>
